000 00992nam a22003017a 4500
001 BR2013004958
003 BR-BrBNA
005 20230928104214.0
007 ta
008 230509b bl.||||| |||| 00| 0 por d
040 _aBR-BrBNA
_bpor
_cBiblioteca Nacional de Agricultura
041 _a(Por)
072 _aE14
_b3410
090 _ 3410 BR2013004958
100 1 _aCoutinho, A.L.
110 1 _aFAO, Brasília, DF (Brasil)
_94523
110 1 _aMinistério da Agricultura e Abastecimento, Brasília, DF (Brasil)
_97185
245 1 _aCultivo de algas em pequena escala no Nordeste do Brasil TCP/BRA/0065; projeto algas
_bRelatório e Visitas: Ceará/Rio Grande do Norte e Paraíba
260 3 _aBrasília, DF (Brasil):
_c2002.
300 _avp.
500 _a17 illus.; 10 graphs.; 7 tables
650 _aALGA
650 _aPROJETO DE DESENVOLVIMENTO
650 _aDESENVOLVIMENTO ECONÔMICO
650 _aCOMUNICAÇÃO
909 _a202309
_bLucia
_c55
_dLucia Elande
942 _cBK
999 _c78680
_d78680